banner-ar

المكياج ومستحضرات التجميل: العيون والشفاه والوجه / (Record no. 47794)

MARC details
000 -الفاتح
حقل البيانات ثابتة الطول 00648nam a2200193Ia 4500
008 - عناصر البيانات ثابتة الطول - معلومات عامة
حقل البيانات ثابتة الطول 140319s9999 xx 000 0 ara d
040 ## - مصدر الفهرسة
وكالة الفهرسة الأصلية GCL /
وكالة النسخ GCL
082 04 - رقم تصنيف ديوى العشرى
رقم التصنيف 646.74
رقم المادة ه د
100 1# - المدخل الرئيسى - إسم شخصى
الإسم الشخصى هزار الزيات
245 10 - بيان العنوان
العنوان المكياج ومستحضرات التجميل: العيون والشفاه والوجه /
بيان المسئوليه,etc هزار الزيات
700 1# - المدخل الاضافى - اسم شخصى
الإسم الشخصى ليلى ياسمين
300 ## - الوصف المادى
التعداد 136 ص
490 ## - بيان السلسلة
عنوان السلسلة كونى جميلة موسوعة عالم المراة العصرية
رقم المجلد/ التعيين التسلسلي 0
650 04 - المدخل الاضافى بالموضوع-مصطلح موضوعى
مصطلح موضوعي مستحضرات التجميل
650 04 - المدخل الاضافى بالموضوع-مصطلح موضوعى
مصطلح موضوعي المكياج
650 04 - المدخل الاضافى بالموضوع-مصطلح موضوعى
مصطلح موضوعي المرأة - تجميل
942 ## - عناصر المدخل الإضافي( كوها)
مصدر التصنيف او مخطط الترفيف Dewey Decimal Classification
Koha [default] item type كتاب
Holdings
حالة التراجع حالة الفقد حالة تلف ليس للاعارة المكان المؤقت الموقع الحالى تاريخ الاكتساب اجمالي اﻻعارات رقم الطلب الباركود تاريخ اخر مشاهدة تاريخ تفعيل السعر نوع وعاء كوها
        مكتبة القاهرة الكبرى مكتبة القاهرة الكبرى 03/26/2014   646.74\ه د 115255 03/26/2014 03/26/2014 كتاب
        مكتبة القاهرة الكبرى مكتبة القاهرة الكبرى 03/26/2014   646.74\ه د 115256 03/26/2014 03/26/2014 كتاب

Powered By

EGPV